[Event "Central-SRB chT 2018"]
[Site "Kragujevac"]
[Date "2018.09.17"]
[Round "5"]
[White "Irizanin, Radoje"]
[Black "Todorovic, Goran N"]
[Result "1-0"]
[WhiteElo "2296"]
[BlackElo "2326"]
[Annotator "TA"]
[PlyCount "89"]
[EventDate "2018.09.14"]
[EventType "team-tourn"]
[EventCountry "SRB"]
[SourceTitle "playchess.com"]
[Source "ChessBase"]
[SourceQuality "1"]

{[%evp 20,89,23,22,50,21,29,25,31,19,79,78,78,79,124,118,127,112,107,91,103,91,137,132,135,136,143,137,133,120,156,154,150,141,152,130,132,120,189,189,189,174,282,174,376,370,492,493,515,510,463,366,366,366,366,366,374,366,368,368,375,353,485,479,469,461,449,424,387,362,675,606]} 1. d4 Nf6 2. Bg5 e6 3. e4 h6 4. Bxf6 Qxf6 5. c3 d6 6. Bd3 g6 {A45: Trompowsky Attack} 7. Ne2 Bg7 8. O-O Nd7 (8... O-O 9. f4 Qe7 10. e5 b6 11. Nd2 Bb7 12. Be4 Bxe4 13. Nxe4 Rd8 14. Qe1 {0-1 (62) Moiseenko,A (2667)-Wang,Y (2690) Riadh 2017}) 9. f4 Qe7 10. e5 O-O 11. Nd2 {LiveBook: 12 Games} a6 12. Nc4 $146 ({Predecessor:} 12. a4 b6 13. Nf3 Bb7 14. Ng3 dxe5 15. dxe5 {½-½ (52) Viela,A (2205)-Silva,L (2229) Guimaraes 2013}) 12... b6 13. Be4 Ra7 {White must now prevent ...d5.} 14. Bf3 b5 (14... a5 $11 {keeps the balance.}) 15. Na5 $16 {[#] And now Nc6 would win.} Nb8 16. b4 $36 {[%mdl 2048] White has strong initiative.} f6 17. Qd3 f5 18. Qe3 d5 19. g3 Qe8 20. Nc1 {[%cal Be2c1,Bc1b3,Bb3a5][%mdl 32]} Nc6 21. Nxc6 Qxc6 22. Nb3 Rf7 23. g4 Bf8 24. Na5 Qe8 25. gxf5 gxf5 26. Kh1 {Threatens to win with Bh5.} Rg7 27. Rg1 c6 28. Qe2 Rxg1+ (28... Bd7 $16 {was necessary.} 29. Rxg7+ Bxg7) 29. Rxg1+ $18 Rg7 30. Bh5 Rxg1+ 31. Kxg1 Qd7 $2 (31... Qe7 32. Nxc6 Qh4) 32. Qg2+ Bg7 33. Qg6 Kf8 {[#]} 34. Nxc6 $1 {[%mdl 512]} Kg8 (34... Qxc6 35. Qf7#) 35. Qe8+ Qxe8 36. Bxe8 {[%mdl 4096] Endgame KBB-KBN} Kf8 37. Bh5 Bd7 38. Na5 Ke7 39. Kf2 Bf8 40. Bg6 Kd8 41. Kg3 Bc8 42. Kh4 Ke7 43. Kh5 Bg7 44. Nc6+ Kf8 $2 (44... Kd7 45. Na5 Ke7) 45. Nd8 {Precision: White = 82%, Black = 46%.} 1-0

[Event "Central-SRB chT 2018"]
[Site "Kragujevac"]
[Date "2018.09.17"]
[Round "5"]
[White "Gajic, Mladen"]
[Black "Barlov, Dragan"]
[Result "1-0"]
[WhiteElo "2291"]
[BlackElo "2414"]
[Annotator "TA"]
[PlyCount "79"]
[EventDate "2018.09.14"]
[EventType "team-tourn"]
[EventCountry "SRB"]
[SourceTitle "playchess.com"]
[Source "ChessBase"]
[SourceQuality "1"]

{[%evp 12,79,16,8,13,8,14,12,14,6,18,-9,0,-13,-8,-20,-18,-40,-8,-14,14,-33,0,0,0,0,7,-30,-33,-39,-32,-35,-40,-69,-65,-43,-32,-27,-35,-48,-51,-56,-63,-47,-58,-63,-32,-38,0,-16,-33,-13,-14,-28,57,57,83,79,130,120,211,203,289,263,631,618,703,704,765,736]} 1. d4 Nf6 2. Bg5 Ne4 3. Bf4 d6 4. Nd2 Nf6 5. e3 g6 6. h3 Bg7 7. Ngf3 O-O {A48: 1 d4 Nf6 2 Nf3 g6: Torre, London and Colle Systems} 8. Be2 Nfd7 $146 {[%cal Bf6d7,Bd7c5,Bc5e6,Be6g5,Bg5f3][%mdl 32]} ({Predecessor:} 8... Nc6 9. c3 Qe8 10. O-O e5 11. Bh2 e4 12. Ne1 Nd7 13. Nc2 f5 14. f3 Nf6 15. Qe1 {½-½ (32) Gonda,L (2540)-Jankovic,A (2547) Bol 2014}) 9. O-O e5 {The position is equal.} 10. Bh2 Qe7 11. dxe5 dxe5 12. e4 Nc6 13. Re1 Nc5 14. Bb5 Bd7 15. a3 a6 16. Bf1 Rfd8 17. b4 Ne6 18. c3 Ng5 19. Qc2 Nxf3+ 20. Nxf3 Be6 21. a4 f6 22. Nd2 Qf7 23. Rab1 a5 24. b5 Nb8 25. Red1 Nd7 26. f4 exf4 27. Bxf4 Nc5 28. Be3 Bf8 (28... Qe7 {seems wilder.} 29. Bd4 Re8 30. Bd3 Rad8 31. Rf1 Bh6) 29. Kh1 f5 30. Bxc5 Bxc5 31. Bd3 {[%cal Bf1d3,Bd3g6,Bg6e4][%mdl 32]} f4 32. e5 g5 (32... Kg7 $11) 33. Nf3 $1 $36 {[%cal Rf3g5][%mdl 2048] White has good play.} h6 34. Bg6 Qf8 (34... Qe7 $142) 35. Be4 $16 g4 (35... Rab8 $16 {was called for.}) 36. Nd4 $18 Bxd4 (36... Qe8 $142 37. Bxb7 Rab8) 37. cxd4 {[%cal Bc3d4,Bd4d5][%mdl 32] And now d5 would win.} Qf7 $2 {[#]} (37... Rd5 38. hxg4 (38. Qxc7 Rd7 $18) 38... Qg7 39. Bxd5 Bxd5) 38. d5 $1 {[%mdl 512] White is clearly winning.} Bc8 (38... Bxd5 39. Rxd5) 39. e6 Qe7 40. Rbc1 {Precision: White = 54%, Black = 42%.} 1-0

[Event "Central-SRB chT 2018"]
[Site "Kragujevac"]
[Date "2018.09.17"]
[Round "5"]
[White "Adzic, Momcilo"]
[Black "Radovic, Luka"]
[Result "1/2-1/2"]
[WhiteElo "2265"]
[BlackElo "2342"]
[Annotator "ChessBase"]
[PlyCount "58"]
[EventDate "2018.09.14"]
[EventType "team-tourn"]
[EventCountry "SRB"]
[SourceTitle "playchess.com"]
[Source "ChessBase"]
[SourceQuality "1"]
[TimeControl "40/5400+30:1800+30"]

1. e4 {[%emt 0:00:00]} c5 {[%emt 0:00:00]} 2. Nc3 {[%emt 0:00:48]} d6 {[%emt 0:00:14]} 3. g3 {[%emt 0:00:25]} g6 {[%emt 0:01:15]} 4. Bg2 {[%emt 0:00:28]} Bg7 {[%emt 0:00:05]} 5. Nge2 {[%emt 0:00:20]} Nc6 {[%emt 0:00:08]} 6. O-O {[%emt 0:00:51]} e6 {[%emt 0:05:25]} 7. d3 {[%emt 0:01:11]} Nge7 {[%emt 0:00:04]} 8. Be3 {[%emt 0:01:15]} Nd4 {[%emt 0:03:26]} 9. Qd2 {[%emt 0:04:21]} O-O {[%emt 0:08:02]} 10. Nd1 {[%emt 0:09:11]} Rb8 {[%emt 0:04:36]} 11. Nxd4 {[%emt 0:08:01]} cxd4 {[%emt 0:02:05]} 12. Bg5 {[%emt 0:03:26]} Qc7 {[%emt 0:10:48]} 13. c4 {[%emt 0:04:14]} b5 {[%emt 0:05:18]} 14. Bxe7 {[%emt 0:08:18]} Qxe7 {[%emt 0:00:17]} 15. cxb5 {[%emt 0:00:31]} Rxb5 {[%emt 0:01:44]} 16. b4 {[%emt 0:01:49]} Qc7 {[%emt 0:17:31]} 17. a4 {[%emt 0:04:39]} Rb8 {[%emt 0:01:08]} 18. Re1 {[%emt 0:02:08]} Bd7 {[%emt 0:01:49]} 19. b5 {[%emt 0:02:37]} a6 {[%emt 0:06:05]} 20. bxa6 {[%emt 0:02:05]} Qb6 {[%emt 0:00:18]} 21. Ra2 {[%emt 0:04:40]} Qb3 {[%emt 0:05:02]} 22. a5 {[%emt 0:01:07]} Bb5 {[%emt 0:02:45]} 23. a7 {[%emt 0:03:54]} Ra8 {[%emt 0:02:50]} 24. Bf1 {[%emt 0:00:40]} Rxa7 {[%emt 0:07:01]} 25. Rb2 {[%emt 0:09:21]} Qa4 {[%emt 0:01:33]} 26. Ra2 {[%emt 0:00:13]} Qb3 {[%emt 0:01:00]} 27. Rb2 {[%emt 0:00:19]} Qa4 {[%emt 0:00:52]} 28. Ra2 {[%emt 0:00:07]} Qb3 {[%emt 0:00:14]} 29. Rb2 {[%emt 0:00:07]} Qa4 {[%emt 0:00:05]} 1/2-1/2

[Event "Central-SRB chT 2018"]
[Site "Kragujevac"]
[Date "2018.09.17"]
[Round "5"]
[White "Matovic, Petar"]
[Black "Stankovic, Dragan P"]
[Result "0-1"]
[WhiteElo "2045"]
[BlackElo "2229"]
[Annotator "NA"]
[PlyCount "34"]
[EventDate "2018.09.14"]
[EventType "team-tourn"]
[EventCountry "SRB"]
[SourceTitle "playchess.com"]
[Source "ChessBase"]
[SourceQuality "1"]
[TimeControl "40/5400+30:1800+30"]

1. d4 Nf6 2. Nf3 g6 3. Bf4 Bg7 4. e3 O-O 5. Be2 c5 6. O-O Qb6 7. Qc1 Nc6 8. c3 d5 9. Nbd2 Bf5 10. b3 Rac8 11. Qb2 Nh5 12. Bg5 h6 13. Bh4 g5 14. dxc5 Qxc5 15. Nd4 Nf4 $19 ({Inferior is} 15... gxh4 16. Nxf5 Bxc3 17. Rac1 $11 (17. Nxh6+ $2 Kh7 $19)) 16. b4 Nxe2+ 17. Nxe2 Qb5 0-1

[Event "Central-SRB chT 2018"]
[Site "Kragujevac"]
[Date "2018.09.18"]
[Round "6"]
[White "Rakhmanov, Aleksandr"]
[Black "Draskovic, Luka"]
[Result "0-1"]
[WhiteElo "2647"]
[BlackElo "2449"]
[Annotator "TA"]
[PlyCount "118"]
[EventDate "2018.09.14"]
[EventType "team-tourn"]
[EventCountry "SRB"]
[SourceTitle "playchess.com"]
[Source "ChessBase"]
[SourceQuality "1"]

{[%evp 20,118,-4,-12,8,0,11,23,20,9,7,12,10,0,30,24,24,7,24,9,12,9,21,19,10,0,12,0,20,0,7,7,13,12,27,0,31,0,0,0,12,12,12,15,11,0,0,0,10,0,0,0,0,0,0,0,8,8,8,8,13,8,8,8,14,-18,-18,-15,-17,-10,-24,-27,-8,-69,-58,-71,-12,-15,0,0,0,-6,0,-8,0,-185,-206,-1441,-1331,-2995,-2813,-6409,-5050,-3317,-2890,-6398,-29972,-29981,-29982,-29971,-29968]} 1. d4 Nf6 2. c4 e6 3. Nc3 Bb4 4. e3 O-O 5. Bd3 d5 6. Nge2 dxc4 7. Bxc4 c5 8. a3 Bxc3+ 9. bxc3 Qc7 10. Ba2 b6 {E49: Nimzo-Indian: Rubinstein: 5 Bd3 d5 6 a3 Bxc3+ 7 bxc3} 11. O-O {LiveBook: 53 Games} Bb7 (11... Rd8 12. Bb2 Ba6 13. Rc1 Nc6 14. c4 cxd4 15. exd4 Ng4 16. Ng3 Qf4 17. h3 {0-1 (38) Rakhmanov,A (2653)-Mamedyarov,S (2799) Riadh 2017}) 12. Bb2 Rd8 {The position is equal.} 13. c4 cxd4 14. exd4 Nc6 {[#]} 15. d5 $146 ({Predecessor:} 15. Rc1 Qd6 16. Re1 Rac8 17. d5 exd5 18. Bxf6 Qxf6 19. cxd5 {½-½ (29) Rakhmanov,A (2664)-Khismatullin,D (2600) Khanty-Mansiysk 2016}) 15... Ne5 {[%cal Re6d5]} (15... Ng4 16. Ng3 $16) 16. Nf4 exd5 17. cxd5 {Hoping for d6!} Qd6 18. Re1 Re8 19. Qa4 Ned7 ({Don't go for} 19... Bxd5 $2 20. Nxd5 Nxd5 21. Red1 $18) ({Wrong is} 19... Nxd5 $2 20. Qd4 $18) 20. Qd4 Rxe1+ 21. Rxe1 Re8 {[%cal Re8e1] [#]} 22. Re3 Kf8 23. h4 h6 24. h5 Nc5 25. Rxe8+ Nxe8 26. f3 Ba6 27. Bc3 (27. a4 {seems wilder.} Nb7 28. Bc3 Kg8 29. Bb4 Qc7 30. Bb3) 27... Nf6 28. Qe5 Qxe5 29. Bxe5 Nfd7 30. Bd6+ Ke8 31. Kf2 Nb7 32. Bb4 Ndc5 33. Bc3 Kf8 34. g4 Nd6 35. Be5 Nc4 36. Bxc4 Bxc4 $11 {[%mdl 4096] Endgame KBN-KBN} 37. Ke3 Nd7 38. Bd6+ Ke8 39. Kd4 Bb3 40. Ng2 Bd1 41. Nh4 g6 42. g5 hxg5 43. h6 $1 {[%cal Rh6h7] h7 would kill now.} Nf6 ({Weaker is} 43... gxh4 44. h7 Nc5 45. h8=Q+ Kd7 46. Qf8 Ne6+ 47. dxe6+ fxe6 48. Qe7+ Kc6 49. Qc7+ Kb5 50. Qc4+ Ka5 51. Bb4+ Ka4 52. Bd2+ Kxa3 53. Bc1#) 44. Ng2 Bxf3 45. Ne3 g4 46. Be5 (46. Bb8 $11) 46... Nh7 $1 $15 47. Nc4 Be2 ({Better is} 47... f6 $17 48. Bb8 Be2) 48. Nd6+ $11 Ke7 49. Nc8+ Kd7 50. Nxa7 f5 {[%cal Bf7f5,Bf5f4][%mdl 32]} 51. Nc6 g5 52. Bb8 $2 (52. Nb8+ $1 $11 Ke8 53. d6) 52... f4 $19 {...g3 is the strong threat.} 53. Ne5+ $2 {[#]} (53. Ba7 Kc7 54. Bb8+ Kb7 55. Be5) 53... Kc8 $1 54. Ba7 Kb7 55. d6 g3 56. d7 g2 57. d8=Q g1=Q+ 58. Kc3 Qc1+ 59. Kb3 Bd1+ {Precision: White = 42%, Black = 47%.} 0-1

[Event "Central-SRB chT 2018"]
[Site "Kragujevac"]
[Date "2018.09.18"]
[Round "6"]
[White "Atalik, Suat"]
[Black "Soysal, Serkan"]
[Result "1/2-1/2"]
[WhiteElo "2512"]
[BlackElo "2404"]
[Annotator "TA"]
[PlyCount "119"]
[EventDate "2018.09.14"]
[EventType "team-tourn"]
[EventCountry "SRB"]
[SourceTitle "playchess.com"]
[Source "ChessBase"]
[SourceQuality "1"]

{[%evp 29,119,0,3,-10,-8,-8,-8,-17,-13,-26,0,0,0,0,0,0,0,0,0,0,0,0,0,-8,-7,-10,0,0,0,0,0,-6,0,0,0,0,0,-6,-6,-125,-135,-123,-32,-110,0,-119,0,-110,-43,-43,-9,-9,-9,-11,-9,-93,-22,-22,-22,-52,-15,-22,-11,-11,-11,-11,-11,-11,0,-22,-22,-22,-22,-22,-22,-22,-22,-22,-22,-22,-27,-52,-27,-27,-27,-27,-37,-52,-27,-52,0,-52]} 1. c4 c6 2. e4 d5 3. exd5 cxd5 4. d4 Nf6 {[%cal Bg8f6,Bf6d5,Bd5b6][%mdl 32]} 5. Nc3 Nc6 6. Nf3 Bg4 7. cxd5 Nxd5 8. Qb3 Bxf3 9. gxf3 Nb6 10. Be3 e6 11. O-O-O Be7 12. d5 exd5 13. Nxd5 Nxd5 14. Rxd5 Qc7 15. Kb1 O-O {LiveBook: 55 Partien} 16. Rd1 {B13: Caro-Kann (Abtausch-Variante 4.c4)} (16. Rb5 Bf6 17. Bd3 Nd4 18. Rxb7 Qc6 19. Bxd4 Bxd4 20. Be4 Qf6 21. Rc1 Rad8 22. a3 Rd6 23. Rc2 g6 {½-½ (100) Ivanchuk,V (2756)-De Jong,J (2462) Ohrid 2009}) 16... Rad8 $146 ({Vorgänger:} 16... Bf6 17. Bd3 Rfd8 18. Rc1 Qe5 19. Be4 Na5 20. Qb4 Nc6 21. Qb3 Na5 22. Qb4 Nc6 23. Qb3 a5 {0-1 (58) Davletbayeva,M (2235)-Wenninger,P (2356) Pardubice 2016}) 17. Bd3 Bf6 18. Qc2 g6 19. f4 Qa5 20. Qc5 Qxc5 21. Bxc5 Rfe8 22. Bb5 a6 23. Bxc6 bxc6 24. Rxd8 Rxd8 $11 {[%mdl 4096] Endspiel KTL-KTL} 25. Be3 {[#]} c5 $1 {[%mdl 512]} 26. b3 (26. Bxc5 Rd2) 26... Rd5 27. Kc2 Bd4 28. Kd3 Bxe3+ 29. Kxe3 {KT-KT} Rh5 30. h4 Kg7 31. Rc1 Rxh4 32. Rxc5 Rh1 33. Ke2 h5 {[%cal Bh7h5,Bh5h4][%mdl 32]} 34. Rc6 (34. Kf3 $11 {hält das Gleichgewicht.}) 34... h4 $17 35. Rc3 Kf6 (35... a5 $17 36. Re3 Ra1) 36. Rc8 ({Lieber} 36. Rc6+ $15 Kg7 37. Rc3) 36... Kg7 37. Rc3 $1 Kf6 38. Rc8 {[#]} a5 (38... Ra1 $1 $17 {Droht stark ...h3.} 39. a4 Rb1) 39. Kf3 $1 $15 Ra1 40. Kg4 Rxa2 41. Rc6+ Kg7 42. f5 (42. f3 $1 $11) 42... gxf5+ (42... Rxf2 $17 43. fxg6 fxg6 44. Kxh4 Rf4+ 45. Kg5 Rf5+ 46. Kg4 Rb5) 43. Kxh4 $11 Rxf2 {Und weiter mit ...Tf3 wäre nett.} 44. Ra6 Rh2+ 45. Kg3 Rb2 (45... Rd2 {feels hotter.} 46. Rxa5 Kf6 47. Ra8 Rd3+ 48. Kf4 Rd4+) 46. Rxa5 Rxb3+ 47. Kf4 Kg6 48. Ra6+ $1 f6 49. Ra8 Rb4+ 50. Kf3 Rb1 51. Ra7 Rf1+ 52. Kg2 Rf4 53. Kg3 Rg4+ (53... Re4 {looks sharper.} 54. Kf3 Re1 55. Kf4 Rf1+ 56. Ke3 Rc1) 54. Kf3 Rh4 55. Kg3 Rh7 (55... Rh8 {keeps more tension.} 56. Kf3 Rb8 57. Kf4 Re8 58. Ra3 Re4+) 56. Ra8 Rc7 57. Kf4 Rc4+ 58. Kf3 Rc1 59. Ra7 Rf1+ 60. Kg2 $1 {Precision: Weiß = 62%, Schwarz = 48%.} 1/2-1/2

[Event "Central-SRB chT 2018"]
[Site "Kragujevac"]
[Date "2018.09.18"]
[Round "6"]
[White "Petkov, Vladimir"]
[Black "Parligras, Mircea-Emilian"]
[Result "0-1"]
[WhiteElo "2510"]
[BlackElo "2623"]
[Annotator "TA"]
[PlyCount "98"]
[EventDate "2018.09.14"]
[EventType "team-tourn"]
[EventCountry "SRB"]
[SourceTitle "playchess.com"]
[Source "ChessBase"]
[SourceQuality "1"]

{[%evp 16,98,0,-1,0,0,0,-2,0,0,0,0,0,0,0,-14,-8,-42,-38,-44,-16,-37,0,-3,-6,-10,-6,-7,-4,-3,-8,-10,-7,-10,-15,-11,-15,-25,-19,-20,-19,-24,-29,-20,-22,-29,-29,-83,-50,-40,-36,-47,-46,-77,-24,-24,-25,-29,-15,-44,-35,-20,-35,-70,-72,-57,-21,-45,0,0,-22,-78,-68,-134,-131,-147,-142,-138,-139,-170,-164,-594,-600,-599,-589]} 1. d4 Nf6 2. c4 e6 3. Nc3 Bb4 4. g3 O-O 5. Bg2 d5 6. a3 Bxc3+ 7. bxc3 dxc4 8. Nf3 c5 9. O-O {LiveBook: 13 Games} Bd7 {E20: Nimzo-Indian: 4 g3 and 4 f3} (9... Qa5 10. Rb1 Nc6 11. Qc2 h6 12. e4 b6 13. Rd1 Bb7 14. a4 cxd4 15. cxd4 Nb4 16. Qxc4 Qxa4 17. Bd2 {½-½ (73) Smirnov,P (2585)-Riazantsev,A (2684) Taganrog 2015}) 10. Ne5 Bc6 11. Nxc6 Nxc6 {The position is equal.} 12. dxc5 Qa5 13. Rb1 $146 ({Predecessor:} 13. Be3 Rad8 14. Qb1 Rd7 15. Bxc6 bxc6 16. Bd4 Rfd8 17. Re1 {½-½ (31) Ilonen,I (2228)-Ozalp,A (2135) ICCF email 2016}) 13... Rad8 14. Qc2 Rd7 15. a4 Qxc5 16. Qa2 Rc8 17. Ba3 Qe5 {With the idea ...Ne4.} 18. Qxc4 Ne7 19. Qb5 Qxb5 20. Rxb5 Ned5 21. Bb2 Rc4 22. a5 Ne4 23. Rd1 Rdc7 24. Rb4 (24. Bxe4 $5 Rxe4 25. Rd4 Rxd4 26. cxd4 $11) 24... f5 25. Rxc4 Rxc4 26. e3 Ra4 27. c4 Rxc4 28. Bd4 a6 29. g4 g6 30. gxf5 gxf5 31. Bf1 (31. Bxe4 $1 $11 {was the only way to keep the balance.} fxe4 32. Kh1) 31... Ra4 32. Rb1 Rb4 33. Rc1 Nd2 {Strongly threatening ...Nf3+.} 34. Rc8+ Kf7 {...Rb1 is the strong threat.} 35. Be2 {And now Bh5+ would win.} Nb3 36. Be5 Re4 37. Bd6 Nxa5 38. Bf3 Rc4 39. Rh8 Rc1+ 40. Kg2 Nc4 41. Bg3 b5 {next ...Nf6 is good for Black.} 42. Rxh7+ Kg6 43. Rb7 (43. Ra7 $1 $11 {remains equal.}) 43... Rc2 $17 {Hoping for ...Ncxe3+.} 44. e4 ({Better is} 44. h4 $1 $15) 44... Nf6 45. exf5+ Kxf5 46. h4 {[#]} e5 $1 {[%cal Be6e5,Be5e4][%mdl 32] Threatens to win with ...e4.} 47. Kh3 {[#]} e4 $1 {[%cal Re4f3]} 48. Bd1 $2 (48. Bg2 {is a better chance.}) 48... Rd2 $19 49. Bb3 Na5 $1 {[%csl LRb3,LRb7] Precision: White = 58%, Black = 89%.} 0-1

[Event "Central-SRB chT 2018"]
[Site "Kragujevac"]
[Date "2018.09.18"]
[Round "6"]
[White "Zajic, Milan"]
[Black "Paunovic, Tomislav"]
[Result "1-0"]
[WhiteElo "2497"]
[BlackElo "2340"]
[Annotator "TA"]
[PlyCount "65"]
[EventDate "2018.09.14"]
[EventType "team-tourn"]
[EventCountry "SRB"]
[SourceTitle "playchess.com"]
[Source "ChessBase"]
[SourceQuality "1"]

{[%evp 19,65,47,42,22,42,52,53,56,70,65,68,65,65,67,149,132,168,178,160,150,158,147,213,200,212,201,272,279,298,223,720,735,726,718,681,680,611,595,683,666,667,654,625,627,2260,2079,1964,1782]} 1. e4 g6 2. d4 Bg7 3. Nc3 d5 4. exd5 Nf6 5. Bc4 Nbd7 6. Nf3 Nb6 {B06: Moderne Verteidigung} 7. Bb3 a5 (7... O-O 8. O-O a5 9. a3 a4 10. Ba2 Nbxd5 11. Nxd5 Nxd5 12. Bg5 Bf6 13. Qd2 c6 14. Rfe1 {½-½ (38) Swiercz,D (2649)-Djukic,N (2526) Minsk 2017}) 8. a4 Nbxd5 9. Nxd5 Nxd5 10. O-O O-O {LiveBook: 26 Partien} 11. h3 c6 12. Re1 Be6 13. Bg5 {[%cal Bc1g5,Bg5h4,Bh4g3][%mdl 32]} h6 $146 ({Vorgänger:} 13... Re8) 14. Bh4 Nf4 15. c4 g5 16. Bg3 Ng6 (16... Qd6 $1 $14) 17. Qd3 $16 Qc8 18. Bc2 Rd8 19. Ne5 $36 {[%mdl 2048] Weiss ist am Drücker.} Nf8 20. Re2 b5 (20... Bxe5 $16 {kämpft weiter.} 21. Rxe5 (21. Bxe5 b5 $16) 21... Qd7) 21. axb5 cxb5 22. cxb5 Bxe5 23. Rxe5 ({Weniger gut wäre} 23. Bxe5 Bc4 $16) 23... Qd7 24. Rd1 f6 $2 {[#]} (24... Rac8 25. Rc5 Qb7) 25. Rxe6 $1 $18 {[%mdl 512] Weiß steht klar auf Gewinn.} Qxe6 26. Bb3 Rd5 27. Qf3 Rad8 28. Bc7 a4 29. Ba2 R8d7 30. b6 {[%cal Bb5b6,Bb6b7][%mdl 32] [#] Und weiter mit b7 wäre nett.} Qc6 31. Re1 {Droht stark Txe7!} Ne6 32. Rxe6 Qxe6 33. b7 {Precision: Weiß = 79%, Schwarz = 33%.} 1-0

[Event "Central-SRB chT 2018"]
[Site "Kragujevac"]
[Date "2018.09.18"]
[Round "6"]
[White "Marinkovic, Ivan"]
[Black "Barlov, Dragan"]
[Result "1/2-1/2"]
[WhiteElo "2459"]
[BlackElo "2414"]
[Annotator "TA"]
[PlyCount "38"]
[EventDate "2018.09.14"]
[EventType "team-tourn"]
[EventCountry "SRB"]
[SourceTitle "playchess.com"]
[Source "ChessBase"]
[SourceQuality "1"]

{[%evp 19,20,0,13]} 1. e4 c5 2. Nf3 Nc6 3. Nc3 e6 4. d4 cxd4 5. Nxd4 a6 6. g3 d6 7. Bg2 Bd7 8. O-O Nf6 9. b3 Be7 10. Bb2 O-O {LiveBook: 51 Partien} {Vorgänger:} 11. Nce2 $146 e5 12. Nf5 Bxf5 13. exf5 Qc8 14. Bh3 d5 15. g4 h6 16. f4 d4 17. fxe5 Nd5 18. Nxd4 Ne3 19. Nxc6 Qxc6 {1-0 (62) Neiksans,A (2613)-Ladva,O (2529) Vilnius 2017} 1/2-1/2

[Event "Central-SRB chT 2018"]
[Site "Kragujevac"]
[Date "2018.09.18"]
[Round "6"]
[White "Pezelj, Novak"]
[Black "Ostojic, Nikola"]
[Result "1-0"]
[WhiteElo "2457"]
[BlackElo "2441"]
[Annotator "TA"]
[PlyCount "105"]
[EventDate "2018.09.14"]
[EventType "team-tourn"]
[EventCountry "SRB"]
[SourceTitle "playchess.com"]
[Source "ChessBase"]
[SourceQuality "1"]

{[%evp 12,105,40,39,33,28,36,31,47,28,35,39,37,26,26,16,25,10,46,16,52,36,77,24,73,10,55,7,50,25,70,70,68,41,49,33,45,9,43,24,46,42,39,37,39,25,36,27,31,23,48,42,50,0,0,-9,93,82,99,87,120,128,130,0,189,199,157,174,173,136,431,418,406,362,533,408,660,654,624,575,655,472,548,548,547,545,500,529,489,425,29983,29984,29985,29986,29998,29999]} 1. e4 c6 2. Nc3 d5 3. Nf3 dxe4 4. Nxe4 Bf5 5. Ng3 Bg4 6. h3 Bxf3 7. Qxf3 {LiveBook: 18 Games} e6 {B11: Caro-Kann: Two Knights Variation} (7... Nf6 8. Bc4 e6 9. O-O Nbd7 10. Re1 Be7 11. c3 O-O 12. d4 Re8 13. Be3 Qc7 14. Rad1 Rad8 15. Bb3 {1-0 (40) Stukopin,A (2587)-Nyzhnyk,I (2616) Kenner 2016 CBM 178 [Stukopin,A]}) 8. Be2 Nf6 9. O-O Be7 {White is slightly better.} 10. Rd1 O-O 11. d4 Nbd7 12. c4 $146 ({Predecessor:} 12. a4 Qc7 13. a5 a6 14. Bf4 Bd6 15. Bxd6 Qxd6 {1-0 (37) Sgnaolin,D (2118)-Borroni,E Robecchetto 2002}) 12... Qc7 13. b3 Rfe8 14. Bb2 Bf8 15. Rac1 Qd8 16. Nf1 g6 17. Qe3 ({White should try} 17. g4 $16) 17... Bg7 18. Nh2 (18. Nd2 $16) 18... Qc7 19. Rd2 a6 20. Rcd1 Nb6 21. Nf3 Nfd7 22. Qg5 Rad8 23. Bc3 Nc8 24. Rd3 Ne7 25. Qa5 Qb8 26. Bf1 Nf5 27. g3 Qc8 28. Qa3 c5 29. dxc5 {[#] Ba5 is the strong threat.} Bxc3 30. Rxc3 Nxc5 31. Rcc1 Qc7 32. Qb2 a5 33. a3 {[%cal Ba2a3,Ba3b4][%mdl 32]} Qb6 (33... a4 $11 34. b4 Nb3) 34. b4 $16 axb4 35. axb4 Rxd1 36. Rxd1 Ne4 37. Rb1 (37. g4 $16) 37... Nfxg3 $2 {[#]} (37... Nexg3 $1 $11 38. c5 Qc6) 38. c5 $18 Qc7 39. fxg3 Qxg3+ 40. Bg2 {Threatens to win with Qe5.} Rd8 $2 {[%mdl 8192]} (40... e5 $16 {was necessary.} 41. Rd1 Re7) 41. Qe5 Qf2+ 42. Kh2 Qc2 (42... Nd2 {was worth a try.} 43. Nxd2 Rxd2 44. Qb8+ Kg7 45. Qxb7 Qf5) 43. Rb2 Qc1 (43... Qc4 $142 44. Qf4 Nd2 45. Qxc4 Nxc4) 44. Re2 ({Weaker is} 44. Qxe4 Qxb2 45. Qxb7 Qc1 $16) 44... Nc3 45. Re1 Qc2 46. Qg5 Rd3 {Threatening ...Rxf3.} 47. Rf1 Qe2 48. Ng1 Qd2 49. Qf6 Rd7 50. Nf3 Qc2 (50... Nd5 $18 51. Qxf7+ Rxf7 52. Nxd2 Rxf1) 51. Ra1 {White mates.} Na2 52. Ne5 Rd2 53. Qxf7+ {Precision: White = 31%, Black = 39%.} 1-0